| 000 | 00447cam a2200169ua 4500 | ||
|---|---|---|---|
| 020 | _c2.50 | ||
| 041 |
_amal _h |
||
| 082 |
_a500 _bBHA/SA |
||
| 100 | _aBhaskara paniker, P T . | ||
| 245 |
_aSayansinte kadha Part-1 / _cP T Bhaskara panicker. _hTextual Documents |
||
| 260 |
_aKottayam : _bSahitya Pravarthaka Co-operative Society , _c1965. |
||
| 300 | _a177 ; . | ||
| 365 | _a2.50 | ||
| 504 | _a | ||
| 942 | _cBK | ||
| 999 |
_c5244 _d5244 |
||